Music Quiz

Random Music or Lyrics Quiz

Radiohead lyrics Quiz Stats

 Plays Quiz not verified by Sporcle

Score 0/32 Timer 10:00
0 Plays Today
Lyric Song Title % Correct
I go where I please, I walk through walls, I float down the LiffeyHow to disappear completely
76.3%
Getting on better with your associate employee contemporariesFitter Happier
75.9%
The raindrops, the raindrops, the raindrops, the raindrops, the raindrops, the raindrops, the raindrops, the raindrops...Sit Down. Stand Up.
69.8%
Cheap sex and sad films, help me get where I belongMotion Picture Soundtrack
69.4%
Before the night owl, before the animal noises, closed circuit camerasJigsaw falling into place
67.2%
Riot shields and voodoo economics; it's just businessElectioneering
62.5%
If you think that you're strong enough, if you think you belong enough(Nice Dream)
61.6%
Cook him up, squash his head, put him in the potKnives Out
61.6%
They brought in the CIA, the tanks and the whole marines to blow me awayThe Bends
60.8%
Rats and children'll follow me out of townKid A
58.2%
Once again, packed like frozen food and battery hens, think of all the starving millionsLife in a glasshouse
56%
Murderers, you're murderers; we are not the same as youThe Gloaming
55.2%
Do not cry out or hit the alarm, you know we're friends 'til we dieClimbing up the walls
54.7%
I'm not living, I'm just killing timeTrue Love Waits
54.7%
We don't want the loonies taking over (Tiptoe round, tie him down)Go to sleep
53.4%
I used to fly like Peter Pan, all the children flew when I touched their handsBones
52.6%
Lyric Song Title % Correct
Nervous messed-up marionette flying around on a prison shipOptimistic
51.3%
You know where you are with floor collapsing, floating, bouncing backLet down
50%
The elephant that's in the room is tumbling, tumbling, tumblingFaust Arp
46.6%
I could've sworn I saw a light coming onI might be wrong
44.4%
Pay me money and take a shot, lead-fill the hole in meBulletproof...I wish I was
40.1%
While you make pretty speeches, I'm being cut to shreds...Like spinning plates
37.9%
And if I'm gonna talk, I just wanna talk; please don't interruptLast Flowers
37.5%
All wrapped up in cotton wool, all wrapped up and sugar coatedBlow Out
31.5%
I'm teetering on the brink, oh honeysweet, so full of sleepBackdrifts
31%
Your eyes are on my wall, your teeth are over there, but I'm still no-oneThinking about you
28.4%
He was a stupid baby who turned into a powerful freakHow do you
28.4%
There could be an idiot on the road; the only kick in life is pumping his steelKiller Cars
26.7%
I'm stuck in the TARDIS, trapped in hyperspaceUp on the ladder
22.8%
A thousand miles an hour, on politics and power that you don't understandRipcord
19.8%
When are you coming back? I just can't handle itThese are my twisted words
14.2%
Too scared to talk, too scared to try, too scared to know the reasons whyFaithless the wonder boy
12.9%

You're not logged in!

Compare scores with friends on all Sporcle quizzes.
OR
Log In

Show Comments

Extras

Top Quizzes Today


Score Distribution

Your Account Isn't Verified!

In order to create a playlist on Sporcle, you need to verify the email address you used during registration. Go to your Sporcle Settings to finish the process.

Report this User

Report this user for behavior that violates our Community Guidelines.

Details: